Popular Video Games by Poster - Statistics

General Stats
  • This quiz has been taken 153 times
  • The average score is 9 of 16
Answer Stats
Picture Answer % Correct
Grand Theft Auto V
90%
Five Nights at Freddy's
81%
Red Dead Redemption 2
81%
Overwatch
79%
Playerunknown's Battlegrounds
75%
Doom
72%
Far Cry 3
71%
Mario Kart 8
67%
Garry's Mod
60%
Team Fortress 2
59%
Call of Duty: Modern Warfare 2
57%
Batman: Arkham Asylum
47%
Galaga
36%
Super Smash Bros Melee
33%
Age of Mythology
16%
Madden 2004
15%
No matching quizzes found
Score Distribution
Percent of People with Each Score
Percentile by Number Answered
Your Score History
You have not taken this quiz